000 00620nam a2200241Ia 4500
003 OSt
005 20220918222310.0
006 a|||||r|||| 00| 0
007 ta
008 220917b |||||||| |||| 00| 0 eng d
024 _a216,369
037 _cTextual
040 _aARTS
_cARTS
_beng
041 _2eng
_aeng
082 _az44, P3
100 _aBajpai S K Ed.
_9142747
245 0 _aIndological researches in India
260 _aDelhi
_bEastern Book Linkers
_c2003
300 _ax, 452p.
_ccm.
650 _aGENERALIA
942 _hz44, P3
_cTEXL
_2CC
999 _c275110
_d275110